000
00224nam a22000857a 4500
008
161130b xxu||||| |||| 00| 0 eng d
100
_9
1624
_a
Ramchandran,K
245
_a
Composite Mathematics-I
260
_a
New Delhi
_b
N.D-Arya
_c
2007
999
_c
4337
_d
4337